Score 0/12 Timer 03:00
0 Plays Today
Question Answer Wrong Answers
Click the show by Rodgers & Hammerstein based on
the memoirs of Anna Leonowens, governess to Siamese royalty
The King & I
97.7%
The King's Eye
0.4%
The Ring & I
0.5%
Just Me and the King
0.3%
Click the show with music by Marc Shaiman,
based on a 1988 John Waters film
Hairspray
97.7%
Chairspray
0.3%
Haircare
0.8%
Spritz
0.4%
Click the show by Jule Styne & Stephen Sondheim,
based on the memoirs of a famous striptease artist
Gypsy
97.4%
Gimpy
0.4%
Grumpy
1%
Graspy
0.2%
Click the 1960 show by Lionel Bart,
based on a novel by Charles Dickens
Oliver!
97.2%
Olives!
0.3%
Oliver Copperfield
0.4%
Twist!
1.2%
Click the show by Jeanine Tesori and David Lindsay-Abaire,
based on a 2001 Dreamworks film
Shrek the Musical
96.3%
Shriek the Musical
1.9%
Shred the Musical
0.5%
Ogres in the Outfield
0.2%
Click the show set in 1958
with music by Charles Strouse & lyrics by Lee Adams
Bye Bye Birdie
93.2%
Bye Bye Blackbird
4%
Buy! Buy! Birdie!
1.3%
Goodbye to the Bairdie
0.3%
Click the show with music by Matthew Sklar,
based on a 1998 film starring Adam Sandler
The Wedding Singer
92.6%
The Welding Singer
3%
50 First Weddings
1.8%
Happy Madison
1.4%
Click the 2012 show with music by Alan Menken,
lyrics by Jack Feldman, and book by Harvey Fierstein.
Newsies
91.1%
Nudies
1.5%
News Time!
5.8%
Les Newserables
0.6%
Click the Tony Award-winning musical comedy
with music and lyrics by William Finn
The 25th Annual Putnam County Spelling Bee
90.8%
The 25th Annual Putnam County Stinging Bee
2.6%
The 25th Annual Putnam County Pedestrian Bake-Off
0.9%
The 25th Annual Putnam County Counting Bee
4.3%
Click the show by Elton John & Tim Rice,
based on an opera by Verdi
Aida
89.1%
Audi
1.9%
The Perils of Egypt
4.7%
Nubia
3%
Click the show based on a 2007 film by John Carney,
with music and lyrics by Glen Hansard and Markéta Irglová
Once
84.5%
Twice
7.9%
Thrice
5%
Ounce
1.4%
Click the show with music by Frank Wildhorn,
based on a novel by Baroness Orczy
The Scarlet Pimpernel
80.8%
The Scarlet Pimple
5.2%
The Scarred Pumpernickel
3.9%
The Scarlet Pinnacles
9%

You're not logged in!

Compare scores with friends on all Sporcle quizzes.
OR
Log In

Sporcle TV

Today on Sporcle TV


Watch our educational content, quiz creation guides, and fun videos on Sporcle TV.

Show Comments

Extras

Top Quizzes Today


Score Distribution

Paid Content

Your Account Isn't Verified!

In order to create a playlist on Sporcle, you need to verify the email address you used during registration. Go to your Sporcle Settings to finish the process.

Report this User

Report this user for behavior that violates our Community Guidelines.

Details: